000 03483nab a2200301 i 4500
003 BR-BrBNA
005 20240729125350.0
008 240729b2016 bl.mr|pooa||| 00| 0 eng |
040 _aBR-BrBNA
_beng
072 _aL73
100 _aCamargo, Aline de Almeida
100 _aNegrelli, Débora Caroline
100 _aPedro, Natacha Heloísa Olavo
100 _aAzevedo, Rodney Kozlowiski de
100 _aSilva, Reinaldo José da
100 _aAbdallah, Vanessa Doro
245 _aMetazoan parasite of lambari Astyanax altiparanae, collected from the Peixe river, São Paulo, southeast of Brazil
500 _aPublicação on-line; 23 ref.; 3 tables; Sumaries (En, Pt)
520 _a ABSTRACT - In March 2010, 44 specimens of Astyanax altiparanae Garutti & Britski, 2000, commonly known as “lambari do rabo amarelo”, collected from the Peixe river in the state of São Paulo, Brazil were analyzed. Out of these 44 fishes, 38 had at least one species of metazoan parasite. Fifteen metazoan parasites species were collected and identified: Urocleidoides trinidadensis, Diaphorocleidus kabatai, Diaphorocleidus orthodusus, Diaphorocleidus sp., Urocleidoides sp., Trinibaculum altiparanae, Gyrodactylus sp., Jainus hexops, Contracaecum sp., Procamallanus (Spirocamallanus) inopinatus, Vaigamus sp., Amplexibranchius bryconis, Ergasilus sp., Zonocotyloides haroltravassossi and Henneguya sp. Six species of parasites presented a prevalence of over 10%. Weight and length of fishes didn’t influence the parasitism. All parasites presented an aggregated distribution. The parasite community of Astyanax altiparanae from the Peixe river was characterized as having high richness and low uniformity. Key words: Astyanax altiparanae, lambari, Peixe river, parasite, Brazil
520 _a RESUMO - Em março de 2010, foram coletados e analisados 44 espécimes de Astyanax altiparanae Garutti & Britski, 2000, conhecidos popularmente como lambari do rabo amarelo, provenientes do rio do Peixe, Estado de São Paulo, Brasil. Dos 44 peixes analisados, 38 estavam parasitados por pelo menos uma espécie de metazoário parasito. Quinze espécies de metazoários parasitos foram coletadas e identificadas: Urocleidoides trinidadensis, Diaphorocleidus kabatai, Diaphorocleidus orthodusus, Diaphorocleidus sp., Urocleidoides sp., Trinibaculum altiparanae, Gyrodactylus sp., Jainus hexops, Contracaecum sp., Procamallanus (Spirocamallanus) inopinatus, Vaigamus sp., Amplexibranchius bryconis, Ergasilus sp., Zonocotyloides haroltravassossi e Henneguya sp. Os parasitos D. kabatai, U. rinidadensis, J. hexops, P. (S.) inopinatus e Vaigamus sp. apresentaram prevalências superiores a 10%. O peso e o comprimento dos peixes não influenciaram no parasitismo. Todos os parasitos apresentaram distribuição agregada. A comunidade parasitária de Astyanax altiparanae proveniente do rio do Peixe foi caracterizada por alta riqueza e baixa uniformidade. Palavras-chave: Astyanax altiparanae, lambari, rio do Peixe, parasitos, Brasil.
650 _aLAMBARI
650 _aRIO
650 _aPARASITA
773 0 _02408
_9314927
_dSanta Maria-RS Universidade Federal de Santa Maria - Centro de Ciências Rurais 1991
_o2024-1178
_tCiência Rural (Brazil)
_x0103-8478
_gv. 46(5) p.876-880; (2016)
_wBR2024001311
856 _uhttps://www.scielo.br/j/cr/a/hMpwGXNMvj4fmgQQkVX5crr/?format=pdf&lang=en
942 _cAnalítica
999 _c300687
_d300687